000
00287nam a2200109Ia 4500
008
201210s9999 xx 000 0 und d
100
_a
Ghosh, Subratesh
245
0
_a
Personnel Management : Text and Cases
260
_a
New Delhi
_b
Oxford & IBH Publishing Co.
300
_a
192
942
_c
BK
999
_c
5565
_d
5565